| 000 | 00796nam a2200277Ia 4500 | ||
|---|---|---|---|
| 003 | OSt | ||
| 005 | 20221006153546.0 | ||
| 006 | a|||||r|||| 00| 0 | ||
| 007 | ta | ||
| 008 | 221006b |||||||| |||| 00| 0 eng d | ||
| 020 |
_a9781565849402 _c _15.95 (each) |
||
| 024 | _a32,687 | ||
| 037 |
_bgift, 25/02/2002, Korean Embassy _cTextual |
||
| 040 |
_aEASL _cEASL _beng |
||
| 041 |
_2eng _aeng |
||
| 082 | _aV4952, P4 | ||
| 100 |
_aCumings Bruce _9615669 |
||
| 245 | 0 |
_aNorth Korea _b Another country |
|
| 260 |
_aNew York _bThe New Press USA _c2004 |
||
| 300 |
_a241p. _ccm. |
||
| 490 | _v KEL | ||
| 650 | _a KEL | ||
| 650 |
_aHistory - Korea - North _9664390 |
||
| 942 |
_hV4952, P4 _cTEXL _2CC |
||
| 999 |
_c1100773 _d1100773 |
||